=LDR 00000nam 2200000 4500 =001 INLIS000000000001926 =005 20130612090314 =008 ***********************************Ind** =035 ##$$0010-061300000001926 =041 ##$$a Ind =082 ##$$a 613.943 2 =090 ##$$a 613.943 2, Bra s =100 ##$$a Braam, Wiebe =245 ##$$a 100 pertanyaan mengenai pil KB, Wiebe Braam =260 ##$$b Jakarta =300 ##$$a 153 hlm, 18 cm =650 ##$$a Kontrasepsi Oral Pil KB =850 ##$$a NBPNMAT